| 000 | 00340nam a2200145 a 4500 | ||
|---|---|---|---|
| 008 | 990709s1973||||xx 0 und c | ||
| 040 |
_aSNK _bslo _cSNK _eAACR2 |
||
| 100 | 1 | _aHerrmann, Joachim | |
| 245 | 1 | 0 | _aOd Hradčian po Vinetu |
| 260 |
_aMartin _bOsveta _c1973 |
||
| 300 | _a298 s. | ||
| 044 |
_axo _cSK |
||
| 041 | _aslo | ||
| 020 | _c35 | ||
| 999 |
_c14977 _d14977 |
||